[Event "Pan American Intercollegiate-chT"]
[Site "Dulles"]
[Date "2022.01.09"]
[Round "6.1"]
[White "Preotu, Razvan"]
[Black "Yu, Jennifer"]
[Result "1/2-1/2"]
[WhiteElo "2473"]
[BlackElo "2235"]
[WhiteFideId "-1"]
[WhiteFideId "-1"]
[PlyCount "172"]
[GameId "1735454140698624"]
[EventDate "2022.01.06"]
[EventType "team-swiss"]
[EventRounds "6"]
[EventCountry "USA"]
[SourceTitle "EXT 2023"]
[Source "ChessBase"]
[SourceDate "2022.10.05"]
[SourceVersion "1"]
[SourceVersionDate "2022.10.05"]
[SourceQuality "1"]
[WhiteTeam "Texas Dallas Univ"]
[BlackTeam "Harvard"]
[WhiteTeamCountry "USA"]
[BlackTeamCountry "USA"]

1. e4 e5 2. Nf3 Nf6 3. d4 Nxe4 4. Bd3 d5 5. Nxe5 Nf6 6. O-O Be7 7. Bf4 O-O 8. Nd2 c5 9. dxc5 Bxc5 10. Nb3 Bb6 11. Qf3 Nc6 12. c3 Bc7 13. Rfe1 Re8 14. Qg3 Nxe5 15. Bxe5 Rxe5 16. Rxe5 Be6 17. Nd4 Bxe5 18. Qxe5 Qb6 19. Qe2 Re8 20. Qd2 Bd7 21. Rb1 h6 22. Bc2 Qa6 23. a3 Ba4 24. Bd3 Qb6 25. Nf5 Ne4 26. Bxe4 dxe4 27. Qd4 Qxd4 28. Nxd4 e3 29. f3 f5 30. g3 g5 31. b3 Bd7 32. Rd1 f4 33. gxf4 gxf4 34. Ne2 Bc6 35. Kg2 Kh7 36. Rd4 Rg8+ 37. Kf1 Bxf3 38. Rxf4 Bc6 39. Nd4 Bh1 40. Rf7+ Kh8 41. Re7 Rg2 42. Rxe3 Rxh2 43. Kg1 Rh5 44. Re7 Kg8 45. c4 Kf8 46. Rc7 Be4 47. Ne6+ Kg8 48. Nc5 Bc2 49. b4 b6 50. Nd7 Rh4 51. Rxa7 Rxc4 52. Nxb6 Rg4+ 53. Kf2 h5 54. Nd5 Rg5 55. Rd7 h4 56. b5 Ba4 57. Rd8+ Kf7 58. b6 Bc6 59. Nb4 Rg2+ 60. Kf1 Be4 61. Rd4 Ba8 62. Rxh4 Rg3 63. Rh7+ Ke6 64. Ra7 Be4 65. Ra5 Rb3 66. Ke2 Kd7 67. Re5 Bf3+ 68. Kd2 Rxa3 69. Nd3 Kd6 70. Rg5 Be4 71. Nc5 Bc6 72. b7 Bxb7 73. Nxb7+ Ke6 74. Nc5+ Kf6 75. Rd5 Rh3 76. Nd3 Rg3 77. Rd4 Kf5 78. Rf4+ Ke6 79. Kc3 Kd5 80. Rd4+ Ke6 81. Kc4 Rg8 82. Re4+ Kf5 83. Re5+ Kf6 84. Rd5 Rg4+ 85. Kc5 Rg5 86. Rxg5 Kxg5 1/2-1/2

[Event "PanAm Intercoll."]
[Site "Dulles VA"]
[Date "2022.01.07"]
[Round "3.1"]
[White "Preotu, Razvan"]
[Black "Bruzon Batista, Lazaro"]
[Result "1-0"]
[WhiteElo "2473"]
[BlackElo "2636"]
[WhiteFideId "-1"]
[WhiteFideId "-1"]
[PlyCount "97"]
[GameId "2129404727288999"]
[EventDate "2022.01.06"]
[EventType "team"]
[EventRounds "6"]
[EventCountry "USA"]
[SourceTitle "10 Days #674"]
[Source "ChessMix"]
[SourceDate "2022.01.10"]
[SourceVersion "1"]
[SourceVersionDate "2022.01.10"]
[SourceQuality "1"]
[WhiteTeam "Univ. of TX at Dallas - B"]
[BlackTeam "Webster University - A"]

1. e4 {[%emt 0:00:04]} e5 {[%emt 0:00:04]} 2. Nf3 {[%emt 0:00:12]} Nc6 {[%emt 0:00:05]} 3. Bc4 {[%emt 0:00:15]} Bc5 {[%emt 0:00:08]} 4. c3 {[%emt 0:00:17]} Nf6 {[%emt 0:00:05]} 5. d3 {[%emt 0:00:52]} d6 {[%emt 0:00:26]} 6. O-O {[%emt 0:00:17]} a6 {[%emt 0:00:56]} 7. a4 {[%emt 0:00:19]} h6 {[%emt 0:02:44]} 8. Re1 {[%emt 0:00:13]} Ba7 {[%emt 0:00:49]} 9. Nbd2 {[%emt 0:00:11]} O-O {[%emt 0:00:05]} 10. h3 {[%emt 0:00:22]} Re8 {[%emt 0:01:41]} 11. b4 {[%emt 0:00:20]} Be6 {[%emt 0:00:09]} 12. Bxe6 {[%emt 0:00:15]} Rxe6 {[%emt 0:00:07]} 13. Qc2 {[%emt 0:00:29]} Qd7 {[%emt 0:00:21]} 14. Rb1 {[%emt 0:00:24]} Rd8 {[%emt 0:01:41]} 15. b5 {[%emt 0:02:38]} Ne7 {[%emt 0:00:42]} 16. d4 {[%emt 0:00:30]} Ng6 {[%emt 0:00:24]} 17. d5 {[%emt 0:02:09]} Ree8 {[%emt 0:00:11]} 18. c4 {[%emt 0:00:56]} Ra8 {[%emt 0:04:45]} 19. a5 {[%emt 0:22:53]} b6 {[%emt 0:07:08]} 20. c5 {[%emt 0:02:08]} dxc5 {[%emt 0:03:02]} 21. axb6 {[%emt 0:00:50]} cxb6 {[%emt 0:27:10]} 22. Qb3 {[%emt 0:07:04]} Bb8 {[%emt 0:07:51]} 23. Nc4 {[%emt 0:02:37]} Bc7 {[%emt 0:01:04]} 24. bxa6 {[%emt 0:21:52]} Rxa6 {[%emt 0:00:50]} 25. Bd2 {[%emt 0:00:26]} Qa4 {[%emt 0:19:08]} 26. Qc3 {[%emt 0:02:25]} Qd7 {[%emt 0:00:45]} 27. Qb3 {[%emt 0:05:35]} Qa4 {[%emt 0:07:14]} 28. Qc3 {[%emt 0:07:12]} Rea8 {[%emt 0:04:25]} 29. d6 {[%emt 0:04:45]} Bd8 {[%emt 0:00:11]} 30. Nfxe5 {[%emt 0:00:57]} Nxe5 {[%emt 0:00:57]} 31. Nxe5 {[%emt 0:00:11]} Nxe4 {[%emt 0:04:30]} 32. Qd3 {[%emt 0:03:01]} Nxd2 {[%emt 0:01:56]} 33. Qxd2 {[%emt 0:00:12]} Bf6 {[%emt 0:00:07]} 34. Qd5 {[%emt 0:02:49]} Qa2 {[%emt 0:01:41]} 35. Rb3 {[%emt 0:03:19]} Bxe5 {[%emt 0:03:12]} 36. d7 {[%emt 0:02:35]} Rd8 {[%emt 0:00:51]} 37. Rxe5 {[%emt 0:00:15]} Raa8 {[%emt 0:00:51]} 38. Re7 {[%emt 0:01:08]} Rf8 {[%emt 0:00:17]} 39. Qf3 {[%emt 0:02:27]} Rad8 {[%emt 0:00:23]} 40. Rbe3 {[%emt 0:01:04]} Qd2 {[%emt 0:00:53]} 41. Qc6 {[%emt 0:00:13]} c4 {[%emt 0:00:19]} 42. Rg3 {[%emt 0:03:09]} Qc1+ {[%emt 0:00:40]} 43. Kh2 {[%emt 0:00:06]} Qf4 {[%emt 0:00:15]} 44. Re4 {[%emt 0:00:39]} Qf5 {[%emt 0:00:37]} 45. Qxh6 {[%emt 0:00:56]} Qh7 {[%emt 0:00:08]} 46. Qf6 {[%emt 0:00:49]} g6 {[%emt 0:00:52]} 47. Qxd8 {[%emt 0:00:32]} Rxd8 {[%emt 0:00:10]} 48. Re8+ {[%emt 0:00:05]} Kg7 {[%emt 0:00:02]} 49. Rxd8 {[%emt 0:00:09]} 1-0

[Event "PanAm Intercoll."]
[Site "Dulles VA"]
[Date "2022.01.08"]
[Round "4.1"]
[White "Repka, Christopher"]
[Black "Preotu, Razvan"]
[Result "1/2-1/2"]
[WhiteElo "2500"]
[BlackElo "2473"]
[WhiteFideId "-1"]
[WhiteFideId "-1"]
[PlyCount "100"]
[GameId "2129404727289024"]
[EventDate "2022.01.06"]
[EventType "team"]
[EventRounds "6"]
[EventCountry "USA"]
[SourceTitle "10 Days #674"]
[Source "ChessMix"]
[SourceDate "2022.01.10"]
[SourceVersion "1"]
[SourceVersionDate "2022.01.10"]
[SourceQuality "1"]
[WhiteTeam "University of Missouri"]
[BlackTeam "Univ. of TX at Dallas - B"]

1. d4 Nf6 {[%emt 0:00:15]} 2. c4 {[%emt 0:00:03]} g6 {[%emt 0:00:12]} 3. Nc3 {[%emt 0:00:05]} d5 {[%emt 0:00:10]} 4. cxd5 {[%emt 0:00:04]} Nxd5 {[%emt 0:00:08]} 5. Bd2 {[%emt 0:00:04]} c5 {[%emt 0:00:13]} 6. e4 {[%emt 0:00:19]} Nxc3 {[%emt 0:00:10]} 7. Bxc3 {[%emt 0:00:09]} cxd4 {[%emt 0:00:07]} 8. Bxd4 {[%emt 0:02:02]} e5 {[%emt 0:00:07]} 9. Bxe5 {[%emt 0:00:11]} Bb4+ {[%emt 0:00:06]} 10. Bc3 {[%emt 0:00:04]} Bxc3+ {[%emt 0:00:07]} 11. bxc3 {[%emt 0:00:06]} Qa5 {[%emt 0:00:05]} 12. Ne2 {[%emt 0:09:34]} Be6 {[%emt 0:00:27]} 13. Qd2 {[%emt 0:01:30]} Nc6 {[%emt 0:02:05]} 14. Nd4 {[%emt 0:00:07]} Rd8 {[%emt 0:00:26]} 15. Nxc6 {[%emt 0:02:03]} bxc6 {[%emt 0:00:14]} 16. Qe3 {[%emt 0:00:03]} Rb8 {[%emt 0:07:36]} 17. Be2 {[%emt 0:04:32]} Rb2 {[%emt 0:02:14]} 18. O-O {[%emt 0:01:19]} O-O {[%emt 0:03:09]} 19. a4 {[%emt 0:02:01]} Qb6 {[%emt 0:05:03]} 20. Qxb6 {[%emt 0:03:32]} axb6 {[%emt 0:00:19]} 21. Bf3 {[%emt 0:00:03]} Ra8 {[%emt 0:03:26]} 22. e5 {[%emt 0:27:16]} Ra5 {[%emt 0:05:23]} 23. Bxc6 {[%emt 0:01:12]} Rxe5 {[%emt 0:00:26]} 24. Rfb1 {[%emt 0:09:35]} Ree2 {[%emt 0:02:13]} 25. Rxb2 {[%emt 0:00:44]} Rxb2 {[%emt 0:00:07]} 26. h4 {[%emt 0:04:31]} Rb3 {[%emt 0:15:57]} 27. Rc1 {[%emt 0:00:05]} Bc4 {[%emt 0:00:51]} 28. Kh2 {[%emt 0:09:17]} Kf8 {[%emt 0:02:32]} 29. Kg3 {[%emt 0:00:17]} Ke7 {[%emt 0:00:21]} 30. Kf4 {[%emt 0:05:20]} Kd6 {[%emt 0:02:40]} 31. Be4 {[%emt 0:03:07]} Ra3 {[%emt 0:11:57]} 32. Rd1+ {[%emt 0:02:02]} Kc7 {[%emt 0:00:49]} 33. Kg5 {[%emt 0:08:13]} Rxa4 {[%emt 0:05:00]} 34. Rd4 {[%emt 0:00:42]} Ra5+ {[%emt 0:00:54]} 35. Kh6 {[%emt 0:00:36]} Be6 {[%emt 0:01:30]} 36. Bf3 {[%emt 0:00:27]} Ra2 {[%emt 0:00:23]} 37. Kxh7 {[%emt 0:00:20]} Rxf2 {[%emt 0:00:05]} 38. Kg7 {[%emt 0:00:25]} b5 {[%emt 0:05:35]} 39. Rd3 {[%emt 0:00:47]} Bc4 {[%emt 0:09:27]} 40. Re3 {[%emt 0:00:35]} Kd6 {[%emt 0:00:08]} 41. Kf6 {[%emt 0:03:54]} Bf1 {[%emt 0:02:10]} 42. Kg7 {[%emt 0:00:03]} Bxg2 {[%emt 0:00:42]} 43. Bxg2 {[%emt 0:00:02]} Rxg2 {[%emt 0:00:09]} 44. Kxf7 {[%emt 0:00:03]} Rg4 {[%emt 0:01:16]} 45. Rh3 {[%emt 0:00:15]} Kc5 {[%emt 0:01:00]} 46. Kf6 {[%emt 0:00:55]} Kc4 {[%emt 0:00:12]} 47. Kg7 {[%emt 0:00:15]} Kb3 {[%emt 0:00:38]} 48. Kf6 {[%emt 0:00:07]} Kc4 {[%emt 0:00:17]} 49. Kg7 {[%emt 0:00:04]} Kb3 {[%emt 0:00:07]} 50. Kf6 {[%emt 0:00:04]} Kc4 {[%emt 0:00:20]} 1/2-1/2

[Event "PanAm Intercoll."]
[Site "Dulles VA"]
[Date "2022.01.08"]
[Round "5.1"]
[White "Dragun, Kamil"]
[Black "Preotu, Razvan"]
[Result "1-0"]
[WhiteElo "2561"]
[BlackElo "2473"]
[WhiteFideId "-1"]
[WhiteFideId "-1"]
[PlyCount "131"]
[GameId "2129404727289049"]
[EventDate "2022.01.06"]
[EventType "team"]
[EventRounds "6"]
[EventCountry "USA"]
[SourceTitle "10 Days #674"]
[Source "ChessMix"]
[SourceDate "2022.01.10"]
[SourceVersion "1"]
[SourceVersionDate "2022.01.10"]
[SourceQuality "1"]
[WhiteTeam "Univ of TX Rio Grande Valley - A"]
[BlackTeam "Univ. of TX at Dallas - B"]

1. Nf3 {[%emt 0:00:08]} c5 {[%emt 0:00:12]} 2. c4 {[%emt 0:00:07]} Nc6 {[%emt 0:00:12]} 3. Nc3 {[%emt 0:00:06]} g6 {[%emt 0:00:29]} 4. e3 {[%emt 0:00:06]} Nf6 {[%emt 0:00:10]} 5. d4 {[%emt 0:00:32]} cxd4 {[%emt 0:00:10]} 6. exd4 {[%emt 0:00:04]} d5 {[%emt 0:00:20]} 7. cxd5 {[%emt 0:00:05]} Nxd5 {[%emt 0:00:10]} 8. Qb3 {[%emt 0:00:16]} e6 {[%emt 0:00:15]} 9. Bc4 {[%emt 0:05:15]} Na5 {[%emt 0:14:40]} 10. Bb5+ {[%emt 0:01:10]} Bd7 {[%emt 0:00:08]} 11. Qa4 {[%emt 0:01:48]} a6 {[%emt 0:00:28]} 12. Bxd7+ {[%emt 0:13:08]} Qxd7 {[%emt 0:00:07]} 13. Qxd7+ {[%emt 0:00:13]} Kxd7 {[%emt 0:00:06]} 14. Ne5+ {[%emt 0:00:07]} Ke8 {[%emt 0:02:58]} 15. Bd2 {[%emt 0:01:36]} Nc6 {[%emt 0:02:11]} 16. Nxc6 {[%emt 0:20:03]} bxc6 {[%emt 0:02:16]} 17. Rc1 {[%emt 0:00:07]} Kd7 {[%emt 0:00:51]} 18. Na4 {[%emt 0:02:42]} Bd6 {[%emt 0:02:02]} 19. Ke2 {[%emt 0:00:22]} Rhb8 {[%emt 0:01:01]} 20. b3 {[%emt 0:04:34]} Nb6 {[%emt 0:06:59]} 21. Nxb6+ {[%emt 0:01:55]} Rxb6 {[%emt 0:00:07]} 22. Rc4 {[%emt 0:00:05]} a5 {[%emt 0:01:16]} 23. Ra4 {[%emt 0:01:58]} Bb4 {[%emt 0:02:01]} 24. Be3 {[%emt 0:05:48]} Rb5 {[%emt 0:04:06]} 25. Rc1 {[%emt 0:00:02]} Kc7 {[%emt 0:07:29]} 26. Rc2 {[%emt 0:04:40]} Kb7 {[%emt 0:01:14]} 27. Bd2 {[%emt 0:02:37]} Be7 {[%emt 0:03:27]} 28. Rc3 {[%emt 0:02:43]} Bb4 {[%emt 0:20:17]} 29. Rf3 {[%emt 0:05:35]} f5 {[%emt 0:00:09]} 30. Rh3 {[%emt 0:00:44]} h5 {[%emt 0:00:12]} 31. Re3 {[%emt 0:03:48]} Re8 {[%emt 0:00:26]} 32. Bxb4 {[%emt 0:01:30]} axb4 {[%emt 0:05:11]} 33. Kd3 {[%emt 0:00:01]} e5 {[%emt 0:09:27]} 34. Kc4 {[%emt 0:06:56]} Kc7 {[%emt 0:00:20]} 35. Rxb4 {[%emt 0:03:17]} Ra5 {[%emt 0:00:18]} 36. a4 {[%emt 0:00:52]} e4 {[%emt 0:00:14]} 37. Kc3 {[%emt 0:02:54]} f4 {[%emt 0:00:09]} 38. Re2 {[%emt 0:00:07]} h4 {[%emt 0:01:10]} 39. d5 {[%emt 0:04:42]} cxd5 {[%emt 0:00:55]} 40. Kd4 {[%emt 0:00:02]} Ra6 {[%emt 0:09:11]} 41. Rb5 {[%emt 0:00:05]} Rb6 {[%emt 0:02:18]} 42. Rxb6 {[%emt 0:02:23]} Kxb6 {[%emt 0:00:05]} 43. Kxd5 {[%emt 0:00:16]} e3 {[%emt 0:00:05]} 44. Kd4 {[%emt 0:00:42]} exf2 {[%emt 0:02:57]} 45. Rxf2 {[%emt 0:00:01]} g5 {[%emt 0:00:08]} 46. b4 {[%emt 0:01:35]} Re3 {[%emt 0:00:35]} 47. h3 {[%emt 0:00:22]} Ra3 {[%emt 0:00:14]} 48. Ke5 {[%emt 0:00:35]} Rxa4 {[%emt 0:00:46]} 49. Kf5 {[%emt 0:00:19]} Rxb4 {[%emt 0:00:26]} 50. Kxg5 {[%emt 0:00:06]} f3 {[%emt 0:00:07]} 51. gxf3 {[%emt 0:02:10]} Kc6 {[%emt 0:01:45]} 52. Rd2 {[%emt 0:00:19]} Rb3 {[%emt 0:00:41]} 53. Kg4 {[%emt 0:00:07]} Rb8 {[%emt 0:00:25]} 54. f4 {[%emt 0:00:35]} Rg8+ {[%emt 0:00:09]} 55. Kxh4 {[%emt 0:00:13]} Rh8+ {[%emt 0:00:04]} 56. Kg4 {[%emt 0:00:05]} Rg8+ {[%emt 0:00:05]} 57. Kf3 {[%emt 0:01:44]} Rh8 {[%emt 0:00:09]} 58. f5 {[%emt 0:01:11]} Rxh3+ {[%emt 0:00:08]} 59. Kg4 {[%emt 0:00:02]} Rh1 {[%emt 0:00:36]} 60. f6 {[%emt 0:00:11]} Rg1+ {[%emt 0:00:17]} 61. Kf5 {[%emt 0:00:07]} Rf1+ {[%emt 0:00:09]} 62. Kg6 {[%emt 0:00:06]} Rg1+ {[%emt 0:00:05]} 63. Kf7 {[%emt 0:00:03]} Kc7 {[%emt 0:00:06]} 64. Kf8 {[%emt 0:00:07]} Rf1 {[%emt 0:00:11]} 65. f7 {[%emt 0:00:02]} Rg1 {[%emt 0:00:06]} 66. Rd4 {[%emt 0:00:22]} 1-0

[Event "Titled Tuesday 2022.01.04"]
[Site "Chess.com INT"]
[Date "2022.01.04"]
[Round "6"]
[White "Sokolin, Leonid M"]
[Black "Preotu, Razvan"]
[Result "1-0"]
[WhiteElo "2482"]
[BlackElo "2473"]
[WhiteFideId "-1"]
[WhiteFideId "-1"]
[PlyCount "71"]
[GameId "1735454124916736"]
[EventDate "2022.01.04"]
[EventType "swiss (blitz)"]
[EventRounds "11"]
[EventCountry "NET"]
[SourceTitle "EXT 2023"]
[Source "ChessBase"]
[SourceDate "2022.10.05"]
[SourceVersion "1"]
[SourceVersionDate "2022.10.05"]
[SourceQuality "1"]

1. e4 c5 2. Nf3 d6 3. Bb5+ Nd7 4. a4 Ngf6 5. Nc3 a6 6. Be2 b6 7. d4 cxd4 8. Qxd4 Bb7 9. O-O e5 10. Qe3 Be7 11. Rd1 O-O 12. Nd2 Qc7 13. Nc4 Rad8 14. b3 Nc5 15. Bf3 Ne6 16. Qxb6 Qxb6 17. Nxb6 Nd4 18. Ra2 Rb8 19. a5 Bd8 20. Be3 Bxb6 21. axb6 Rfc8 22. Bxd4 exd4 23. Na4 Bxe4 24. Bxe4 Nxe4 25. Rxd4 Nc3 26. Nxc3 Rxc3 27. Rxd6 h5 28. Kf1 h4 29. Ke2 h3 30. g3 a5 31. Rxa5 Rxc2+ 32. Kf3 Rb2 33. Rb5 g6 34. b7 Ra2 35. Rc6 Kg7 36. Rc8 1-0

[Event "Titled Tuesday 2022.01.04"]
[Site "Chess.com INT"]
[Date "2022.01.04"]
[Round "7"]
[White "Preotu, Razvan"]
[Black "Prieto Aranguren, Alain"]
[Result "1-0"]
[WhiteElo "2473"]
[BlackElo "2256"]
[WhiteFideId "-1"]
[WhiteFideId "-1"]
[PlyCount "127"]
[GameId "1735454126616576"]
[EventDate "2022.01.04"]
[EventType "swiss (blitz)"]
[EventRounds "11"]
[EventCountry "NET"]
[SourceTitle "EXT 2023"]
[Source "ChessBase"]
[SourceDate "2022.10.05"]
[SourceVersion "1"]
[SourceVersionDate "2022.10.05"]
[SourceQuality "1"]

1. e4 e5 2. Nf3 d5 3. exd5 e4 4. Qe2 Be7 5. Qxe4 Nf6 6. Qa4+ c6 7. dxc6 Nxc6 8. Bb5 O-O 9. O-O Bd7 10. Qf4 Nb4 11. Bxd7 Qxd7 12. Na3 Bd6 13. Qh4 Rac8 14. c3 Nd3 15. Qd4 Nf4 16. Kh1 Qg4 17. Ne1 Bc5 18. h3 Qf5 19. Qa4 Nxh3 20. d4 Bd6 21. f4 Qh5 22. gxh3 Qxh3+ 23. Kg1 Ng4 24. Qc2 Bxa3 25. Qg2 Qxg2+ 26. Kxg2 Bd6 27. Nd3 g6 28. Bd2 Nh6 29. Rae1 Nf5 30. Ne5 h5 31. Nd3 b5 32. a3 Kg7 33. Re2 a5 34. Rfe1 b4 35. axb4 axb4 36. cxb4 Nxd4 37. Bc3 Rxc3 38. bxc3 Nxe2 39. Rxe2 Rd8 40. c4 Be7 41. Ne5 Bf6 42. Nc6 Rd3 43. b5 h4 44. b6 Rd6 45. b7 Rxc6 46. b8=Q Rxc4 47. Kh3 Rc3+ 48. Kh2 Rf3 49. Qb7 Rxf4 50. Qd5 Rf5 51. Qe4 Rh5 52. Qg4 Rf5 53. Rg2 Rb5 54. Kh3 Rc5 55. Kh2 Rc3 56. Qe4 Rc5 57. Rf2 Rg5 58. Qf4 Rf5 59. Qe3 Be5+ 60. Kh3 Rh5 61. Qb3 f6 62. Qe6 Rg5 63. Rg2 Rf5 64. Qxf5 1-0

[Event "Titled Tuesday 2022.01.04"]
[Site "Chess.com INT"]
[Date "2022.01.04"]
[Round "9"]
[White "Provotorov, Ivan"]
[Black "Preotu, Razvan"]
[Result "1-0"]
[WhiteElo "2303"]
[BlackElo "2473"]
[WhiteFideId "-1"]
[WhiteFideId "-1"]
[PlyCount "131"]
[GameId "1735454128582656"]
[EventDate "2022.01.04"]
[EventType "swiss (blitz)"]
[EventRounds "11"]
[EventCountry "NET"]
[SourceTitle "EXT 2023"]
[Source "ChessBase"]
[SourceDate "2022.10.05"]
[SourceVersion "1"]
[SourceVersionDate "2022.10.05"]
[SourceQuality "1"]

1. c4 c5 2. Nf3 Nc6 3. e3 Nf6 4. Nc3 g6 5. d4 cxd4 6. exd4 d5 7. cxd5 Nxd5 8. Qb3 Nxc3 9. Bc4 Nd5 10. Bxd5 e6 11. Bxc6+ bxc6 12. O-O Qd5 13. Bf4 f6 14. Qa4 g5 15. Bg3 Kf7 16. Rac1 Be7 17. Rfe1 Bb7 18. Nd2 c5 19. Nf3 g4 20. Nh4 cxd4 21. Rc7 Rhc8 22. Rd7 Bc6 23. Rxd5 Bxa4 24. Rxd4 Bc2 25. Rxg4 e5 26. Nf3 Rab8 27. b3 Bg6 28. Nh4 Bd3 29. Ra4 Rb7 30. Nf3 Rc2 31. Bxe5 Bb5 32. Rf4 Rxa2 33. Nd4 Bd7 34. Nf3 Rxb3 35. Bd4 a5 36. Rh4 Bf5 37. Rf4 Bg6 38. Ne5+ Kf8 39. Nxg6+ hxg6 40. Bxf6 Bxf6 41. Rxf6+ Kg7 42. Rf4 a4 43. h4 Rbb2 44. Re7+ Kh6 45. Rf6 Rc2 46. Ree6 Kg7 47. Rxg6+ Kf7 48. Rgf6+ Kg7 49. h5 Rc1+ 50. Kh2 Rc4 51. h6+ Kh7 52. g3 Rc7 53. Kg2 Ra7 54. Ra6 Rxa6 55. Rxa6 a3 56. g4 Ra1 57. f4 a2 58. g5 Rb1 59. Rxa2 Kg6 60. Ra6+ Kf5 61. Rf6+ Kg4 62. Kf2 Rb2+ 63. Ke3 Rh2 64. Ke4 Re2+ 65. Kd5 Rh2 66. Ke6 1-0

[Event "Titled Tuesday 2022.01.04"]
[Site "Chess.com INT"]
[Date "2022.01.04"]
[Round "10"]
[White "Preotu, Razvan"]
[Black "Osmonbekov, Talaibek D"]
[Result "1-0"]
[WhiteElo "2473"]
[BlackElo "2136"]
[WhiteFideId "-1"]
[WhiteFideId "-1"]
[PlyCount "89"]
[GameId "1735454129852416"]
[EventDate "2022.01.04"]
[EventType "swiss (blitz)"]
[EventRounds "11"]
[EventCountry "NET"]
[SourceTitle "EXT 2023"]
[Source "ChessBase"]
[SourceDate "2022.10.05"]
[SourceVersion "1"]
[SourceVersionDate "2022.10.05"]
[SourceQuality "1"]

1. e4 c5 2. Nf3 d6 3. d4 cxd4 4. Nxd4 Nf6 5. Nc3 g6 6. Be3 Bg7 7. f3 O-O 8. Qd2 Nc6 9. Bc4 Nxd4 10. Bxd4 Be6 11. Bb3 Qa5 12. O-O-O b5 13. Kb1 b4 14. Nd5 Nxd5 15. exd5 Bd7 16. h4 h5 17. g4 Qb5 18. gxh5 Bf5 19. Bxg7 Kxg7 20. Qd4+ Kh7 21. hxg6+ fxg6 22. h5 g5 23. Qe3 Rf7 24. Qxg5 a5 25. Rd4 a4 26. Bc4 Qc5 27. Bd3 Qxd4 28. Bxf5+ Kh8 29. Rg1 Qxg1+ 30. Qxg1 Rxf5 31. Qd4+ Kh7 32. Qxb4 Rxh5 33. a3 Re5 34. f4 Rf5 35. Qe4 Raf8 36. Qxe7+ Kg8 37. Qxd6 Rxf4 38. Qg6+ Kh8 39. Qh6+ Kg8 40. Qe6+ Kh8 41. d6 Rf1+ 42. Ka2 Rd1 43. Qh6+ Kg8 44. Qg6+ Kh8 45. Qh5+ 1-0

[Event "Titled Tuesday 2022.01.04"]
[Site "Chess.com INT"]
[Date "2022.01.04"]
[Round "11"]
[White "Preotu, Razvan"]
[Black "Todorovic, Bojan"]
[Result "1-0"]
[WhiteElo "2473"]
[BlackElo "2222"]
[WhiteFideId "-1"]
[WhiteFideId "-1"]
[PlyCount "53"]
[GameId "1735454130561024"]
[EventDate "2022.01.04"]
[EventType "swiss (blitz)"]
[EventRounds "11"]
[EventCountry "NET"]
[SourceTitle "EXT 2023"]
[Source "ChessBase"]
[SourceDate "2022.10.05"]
[SourceVersion "1"]
[SourceVersionDate "2022.10.05"]
[SourceQuality "1"]

1. e4 g6 2. d4 Bg7 3. Nc3 d6 4. Be3 a6 5. Qd2 Nd7 6. O-O-O b5 7. h4 Bb7 8. f3 h5 9. Nh3 c5 10. Ng5 c4 11. e5 dxe5 12. dxe5 Bxe5 13. Bd4 Ngf6 14. Bxe5 Nxe5 15. Qxd8+ Rxd8 16. Rxd8+ Kxd8 17. f4 Nfg4 18. fxe5 Nxe5 19. Rh3 Ke8 20. Re3 f6 21. Ne6 Kf7 22. Nc5 Bc8 23. g3 Rd8 24. Bg2 Bg4 25. Nxa6 g5 26. hxg5 Kg6 27. gxf6 1-0

[Event "Titled Tuesday 2022.01.04"]
[Site "chess.com INT"]
[Date "2022.01.04"]
[Round "1"]
[White "Shandrygin, Nikita"]
[Black "Preotu, Razvan"]
[Result "1-0"]
[WhiteElo "2209"]
[BlackElo "2473"]
[WhiteFideId "-1"]
[WhiteFideId "-1"]
[PlyCount "123"]
[GameId "2130307579620771"]
[EventDate "2022.01.04"]
[EventType "swiss (blitz)"]
[EventRounds "11"]
[EventCountry "NET"]
[SourceTitle "The Week in Chess 1418"]
[Source "Mark Crowther"]
[SourceDate "2022.01.10"]
[SourceVersion "1"]
[SourceVersionDate "2022.01.10"]
[SourceQuality "2"]

1. Nf3 c5 2. g3 Nc6 3. d4 cxd4 4. Nxd4 e5 5. Nxc6 dxc6 6. Qxd8+ Kxd8 7. f3 Be6 8. e4 Bc5 9. Nd2 Nf6 10. Bc4 Ke7 11. Ke2 Rhd8 12. Bxe6 Kxe6 13. Nb3 Bb6 14. Be3 Ne8 15. Rhd1 Nd6 16. Nc5+ Bxc5 17. Bxc5 Nb5 18. c3 b6 19. Be3 Nd6 20. b3 Rd7 21. a4 Rad8 22. Rd3 Nb7 23. Rad1 Na5 24. Rxd7 Rxd7 25. Rb1 g6 26. Bd2 c5 27. Be3 f5 28. b4 cxb4 29. cxb4 Nc4 30. Rc1 Nd6 31. exf5+ gxf5 32. a5 b5 33. Rc6 Kd5 34. Rc5+ Ke6 35. Rc6 Kd5 36. Ra6 Kc4 37. Bc5 Nc8 38. Rc6 Ne7 39. Bxe7+ Kd5 40. Rc5+ Ke6 41. Bg5 Rd4 42. Bd2 a6 43. Rc6+ Rd6 44. Rxd6+ Kxd6 45. Kd3 Kd5 46. Bc3 e4+ 47. fxe4+ fxe4+ 48. Ke3 Kc4 49. Be1 Kd5 50. h4 Ke5 51. g4 Kd5 52. g5 Ke5 53. Bg3+ Kf5 54. Bf2 Ke5 55. Be1 Kf5 56. Bg3 Kg4 57. Bf4 Kxh4 58. Kxe4 Kg4 59. Ke5 Kf3 60. Bc1 Ke2 61. Kf6 Kd1 62. Bf4 1-0

[Event "Titled Tuesday 2022.01.04"]
[Site "chess.com INT"]
[Date "2022.01.04"]
[Round "2"]
[White "Preotu, Razvan"]
[Black "Minko, Dmitry"]
[Result "1-0"]
[WhiteElo "2473"]
[BlackElo "2207"]
[WhiteFideId "-1"]
[WhiteFideId "-1"]
[PlyCount "69"]
[GameId "2130307579624939"]
[EventDate "2022.01.04"]
[EventType "swiss (blitz)"]
[EventRounds "11"]
[EventCountry "NET"]
[SourceTitle "The Week in Chess 1418"]
[Source "Mark Crowther"]
[SourceDate "2022.01.10"]
[SourceVersion "1"]
[SourceVersionDate "2022.01.10"]
[SourceQuality "2"]

1. e4 e5 2. Nf3 Nc6 3. Bc4 Bc5 4. c3 Nf6 5. d3 d6 6. O-O a6 7. a4 h6 8. Re1 Ba7 9. Nbd2 O-O 10. h3 Re8 11. b4 Be6 12. Bxe6 Rxe6 13. Qc2 Ne7 14. Nf1 Nh5 15. Kh2 Ng6 16. Ng3 Nxg3 17. fxg3 Qf8 18. g4 Ree8 19. c4 a5 20. bxa5 Qe7 21. Rb1 c6 22. Bd2 Nf4 23. Bxf4 exf4 24. d4 Qc7 25. Qd2 Rac8 26. Qxf4 Re7 27. g5 h5 28. e5 dxe5 29. dxe5 Qxa5 30. g6 fxg6 31. Qg5 Rce8 32. Qxg6 Qxa4 33. Ng5 Rxe5 34. Qf7+ Kh8 35. Qxe8+ 1-0

[Event "Titled Tuesday 2022.01.04"]
[Site "chess.com INT"]
[Date "2022.01.04"]
[Round "3"]
[White "Stepanencu, Nicodim-Cosmin"]
[Black "Preotu, Razvan"]
[Result "1-0"]
[WhiteElo "2334"]
[BlackElo "2473"]
[WhiteFideId "-1"]
[WhiteFideId "-1"]
[PlyCount "77"]
[GameId "2130307579629136"]
[EventDate "2022.01.04"]
[EventType "swiss (blitz)"]
[EventRounds "11"]
[EventCountry "NET"]
[SourceTitle "The Week in Chess 1418"]
[Source "Mark Crowther"]
[SourceDate "2022.01.10"]
[SourceVersion "1"]
[SourceVersionDate "2022.01.10"]
[SourceQuality "2"]

1. e4 c5 2. Nf3 d6 3. d4 cxd4 4. Nxd4 Nf6 5. Nc3 a6 6. Bg5 e6 7. f4 Be7 8. Qf3 Qc7 9. O-O-O Nbd7 10. g4 b5 11. h4 b4 12. Nce2 Nxe4 13. Bxe7 Bb7 14. Bg2 Kxe7 15. Qe3 Ndf6 16. Bf3 d5 17. g5 Nd7 18. f5 Ndc5 19. Bg4 e5 20. f6+ gxf6 21. Nf5+ Kd8 22. gxf6 Rg8 23. Bf3 Nxf6 24. Rhg1 Re8 25. Qg5 Ncd7 26. Bxd5 Bxd5 27. Rxd5 Qb6 28. Rgd1 Kc7 29. Nd6 Rg8 30. Qf5 Qe3+ 31. R5d2 Rg2 32. Nc4 Qc5 33. Rxd7+ Nxd7 34. Qxd7+ Kb8 35. Qd8+ Kb7 36. Rd7+ Kc6 37. Rc7+ Kb5 38. Qd7+ Kxc4 39. Qd3# 1-0